Mastering network security

Αποθηκεύτηκε σε:
Λεπτομέρειες βιβλιογραφικής εγγραφής
Κύριος συγγραφέας:  Brenton, Chris
Μορφή: Sách
Γλώσσα:Undetermined
Έκδοση:  Sybex  2003
Θέματα:
Ετικέτες: Προσθήκη ετικέτας
Δεν υπάρχουν, Καταχωρήστε ετικέτα πρώτοι!
Thư viện lưu trữ: Trung tâm Thư viện - Trường Đại học Công nghiệp TP. Hồ Chí Minh
LEADER 00452nam a2200157Ia 4500
001 UIH_06526
008 231011s9999 xx 000 0 und d
082 |a  005.8 
100 |a  Brenton, Chris 
245 0 |a  Mastering network security 
245 0 |c  Brenton, Chris 
260 |b  Sybex 
260 |c  2003 
650 |a  Bảo mật;  
927 |a Sách 
980 |a Trung tâm Thư viện - Trường Đại học Công nghiệp TP. Hồ Chí Minh